Sports Quiz

Random Sports Quiz

Czech Republic Tournament Squads Quiz Stats

 Plays Quiz not verified by Sporcle

Challenge
Share
Tweet
Embed
Score 0/137 Timer 12:00
0 Plays Today
% Correct
Petr Čech
100%
Petr Čech
99.7%
Petr Čech
99.1%
Petr Čech
99.1%
Petr Čech
99.1%
Jan Koller
97.5%
Jan Koller
97.5%
Jan Koller
97.5%
Jan Koller
97.5%
Milan Baroš
96.6%
Tomáš Rosický
96%
Pavel Nedvěd
95.5%
Pavel Nedvěd
95.5%
Milan Baroš
95.5%
Pavel Nedvěd
95.5%
Milan Baroš
95.5%
Milan Baroš
95.5%
Tomáš Rosický
95.5%
Tomáš Rosický
94.1%
Tomáš Rosický
94.1%
Tomáš Rosický
94.1%
Karel Poborský
91.2%
Karel Poborský
91.2%
Karel Poborský
91.2%
Vladimír Šmicer
82.8%
Vladimír Šmicer
82.8%
Marek Jankulovski
81.6%
Marek Jankulovski
81.6%
Marek Jankulovski
81.6%
Marek Jankulovski
81.6%
Tomáš Ujfaluši
78.9%
Tomáš Ujfaluši
78.9%
Tomáš Ujfaluši
78.9%
Zdeněk Grygera
77.6%
Zdeněk Grygera
77.6%
Zdeněk Grygera
77.6%
Tomáš Necid
77.3%
Jaroslav Plašil
77.3%
Michal Kadlec
76.2%
Jaroslav Plašil
74.3%
Patrik Berger
72.8%
Tomáš Sivok
72.7%
Tomáš Galásek
70.1%
Tomáš Galásek
70.1%
Tomáš Galásek
70.1%
Michal Kadlec
70.1%
% Correct
Theodor Gebre Selassie
70%
Petr Jiráček
69.7%
Jaroslav Plašil
69.6%
Jaroslav Plašil
69.6%
Jaroslav Plašil
69.6%
Michal Kadlec
68.2%
Pavel Srníček
64.6%
Vratislav Lokvenc
64.4%
Vratislav Lokvenc
64.4%
Vratislav Lokvenc
64.4%
Bořek Dočkal
63.6%
Tomáš Vaclík
63.6%
Vladimír Darida
63.6%
Václav Pilař
59.1%
Theodor Gebre Selassie
59.1%
David Limberský
59.1%
Pavel Kuka
59%
Tomáš Řepka
58.5%
Marek Heinz
57.6%
Marek Heinz
57.6%
Jaromír Blažek
57.4%
Jaromír Blažek
57.4%
Jaromír Blažek
57.4%
Jaromír Blažek
57.4%
David Rozehnal
57.1%
David Rozehnal
57.1%
David Rozehnal
57.1%
Tomáš Hübschman
57%
David Limberský
55.7%
Tomáš Necid
55.1%
Ladislav Krejčí
54.5%
David Lafata
54.5%
Jiří Němec
53.7%
Tomáš Sivok
53.3%
Tomáš Hübschman
51.9%
Jan Polák
51.7%
Jan Polák
51.7%
Roman Hubník
50%
Libor Sionko
49.2%
Libor Sionko
49.2%
René Bolf
48.8%
Radek Bejbl
48.1%
Tomáš Sivok
46.9%
Radoslav Látal
44.2%
Martin Jiránek
43.1%
Martin Jiránek
43.1%
% Correct
Vladimír Darida
43%
Radoslav Kováč
41.5%
Radoslav Kováč
41.5%
Daniel Pudil
40.9%
Milan Škoda
40.9%
Roman Hubník
40.9%
Jaroslav Drobný
38.1%
Václav Svěrkoš
37.9%
David Lafata
37.8%
Marek Suchý
36.8%
Jan Laštůvka
36.5%
Pavel Kadeřábek
36.4%
Marek Suchý
36.4%
Roman Týce
36.1%
Pavel Horváth
35.1%
David Jarolím
34.2%
David Jarolím
34.2%
Jan Rezek
33.7%
Karel Rada
33.3%
Jiří Novotný
32.9%
Zdeněk Pospěch
32.7%
Jiří Štajner
32%
Daniel Kolář
31.8%
David Pavelka
31.8%
Marek Matějovský
30.8%
Tomáš Pekhart
30.7%
Daniel Kolář
28.8%
Antonín Kinský
27.4%
Antonín Kinský
27.4%
Tomáš Koubek
27.3%
Petr Gabriel
26.8%
Milan Fukal
26.1%
František Rajtoral
26%
Martin Fenin
25.9%
Milan Petržela
24.1%
Štěpán Vachoušek
21.1%
Petr Vlček
20.6%
Stanislav Vlček
20.6%
Rudolf Skácel
18.6%
Pavel Mareš
18.4%
Pavel Mareš
18.4%
Josef Šural
18.2%
Jiří Skalák
18.2%
Ladislav Maier
16.8%
Daniel Zitka
14.7%

You're not logged in!

Compare scores with friends on all Sporcle quizzes.
OR
Log In

You Might Also Like...

Show Comments

Extras

Top Quizzes Today


Score Distribution

Your Account Isn't Verified!

In order to create a playlist on Sporcle, you need to verify the email address you used during registration. Go to your Sporcle Settings to finish the process.

Report this User

Report this user for behavior that violates our Community Guidelines.

Details: